| 000 | 00564nam a2200169 a 4500 | ||
|---|---|---|---|
| 005 | 20140412111250.0 | ||
| 008 | 000818s19uu xx 00 eng d | ||
| 020 | _a0-590-95922-0 | ||
| 050 |
_aTR(PS E _bBi48 1995 |
||
| 100 | _aJenkins, Steve | ||
| 245 |
_aBiggest, strongest, fastest / _cby Steve Jenkins. |
||
| 260 |
_aNew York : _bScholastic Inc, _c1995. |
||
| 300 | _a1 v. (unp.) ; ill. | ||
| 520 | _aWhat is the biggest animal in the world? the smallest? the strongest? You might be surprised at some of the answers | ||
| 650 | _aAnimals | ||
| 999 |
_c103144 _d103144 |
||